Normal view
MARC view
- Women and literature
Entry Topical Term
001 - CONTROL NUMBER
- control field: 11697
003 - CONTROL NUMBER IDENTIFIER
- control field: NUST
005 - DATE AND TIME OF LATEST TRANSACTION
- control field: 20180716110927.0
008 - FIXED-LENGTH DATA ELEMENTS
- fixed length control field: 180716|| aca||aabn | a|a d
040 ## - CATALOGING SOURCE
- Original cataloging agency: NUST
- Transcribing agency: NUST
150 ## - HEADING--TOPICAL TERM
- Topical term or geographic name entry element: Women and literature
- Geographic subdivision: England
- General subdivision: History
- Chronological subdivision: 20th century.
670 ## - SOURCE DATA FOUND
- Source citation: Work cat.: (NUST)173191: Byatt, A. S. (Antonia Susan), 1936- 11695, Degrees of freedom :, 1994.
